| 000 | 00898nmm a2200325 a 4500 | ||
|---|---|---|---|
| 003 | AR-BaBNM | ||
| 005 | 20251128210517.0 | ||
| 008 | 011101s2000 ||||||||||||||000 | spa|| | ||
| 020 | _a950-16-3091-9 | ||
| 040 | _cAR-BaBNM | ||
| 100 | 1 | _aCampbell, Linda | |
| 245 | 1 | 0 |
_aInteligencias múltiples _busos prácticos de enseñanza y aprendizaje |
| 250 | _a1ª ed. | ||
| 260 |
_aBuenos Aires _bTroquel _c2000 |
||
| 300 | 0 |
_a351 p. _btablas, gráfs. |
|
| 504 | _aContiene bibliografía | ||
| 650 | 4 | _aPSICOLOGIA DE LA EDUCACION | |
| 650 | 4 | _aEDUCACION ARTISTICA | |
| 650 | 4 | _aEDUCACION MUSICAL | |
| 650 | 4 | _aTECNICAS DIDACTICAS | |
| 650 | 4 | _aLOGICA | |
| 650 | 4 | _aINTELIGENCIA | |
| 650 | 4 | _aTEORIA DE LA INTELIGENCIA | |
| 653 | 0 | _aCOGNITIVISMO | |
| 700 | 1 | _aCampbell, Bruce | |
| 700 | 1 | _aDickinson, Dee | |
| 700 | 1 |
_aCanteros, Laura _etraductor |
|
| 942 | _cBK | ||
| 998 | _cRaquel | ||
| 999 |
_c15743 _d15743 |
||